| 000 | 00336nam a2200121Ia 4500 | ||
|---|---|---|---|
| 999 |
_c6341 _d6341 |
||
| 008 | 191201s2013 xx 000 0 und d | ||
| 100 | _aGAORKAR, Ramesh | ||
| 245 | 0 | _aMicroprocessor Architecture Programming and Applications with the 8085 | |
| 260 |
_aN. delhi _bPRI _c2013 |
||
| 300 | _a820 | ||
| 650 | _aB.Tech(ECE) | ||
| 942 |
_2ddc _cBK _02 |
||